Southville International School and Colleges
Your cart is empty.
  • Cart
  • Lists
    Public lists Eva Luna New books Lux_list list_1
    Your lists Log in to create your own lists
  • Log in to your account
  • Your cookies
  • Search history
Southville International School and Colleges
  • Advanced search
  • Recent comments
  • Most popular
  • Libraries

Log in to your account

Log in with GOOGLE


If you do not have an external account, but do have a local account, you can still log in:

  1. Home
  2. MARC view: A to Z A basic Catholic Dictionary /
Normal view MARC view ISBD view

A to Z A basic Catholic Dictionary / (Record no. 305414)

[ view plain ]
MARC details
000 -LEADER
fixed length control field 00694nam a2200229Ia 4500
008 - FIXED-LENGTH DATA ELEMENTS--GENERAL INFORMATION
fixed length control field 170203s9999 xx 000 0 und d
020 ## - INTERNATIONAL STANDARD BOOK NUMBER
International Standard Book Number 9780764820557
050 ## - LIBRARY OF CONGRESS CALL NUMBER
Classification number 282.03
050 ## - LIBRARY OF CONGRESS CALL NUMBER
Item number .L917a 2012
100 ## - MAIN ENTRY--PERSONAL NAME
Personal name McGlone, Mary M.
245 #2 - TITLE STATEMENT
Title A to Z A basic Catholic Dictionary /
245 ## - TITLE STATEMENT
Statement of responsibility, etc Daniel L. Lowery ; revised and edited by Mary M. McGlone.
250 ## - EDITION STATEMENT
Edition statement "First edition"--T.p. verso.
260 ## - PUBLICATION, DISTRIBUTION, ETC. (IMPRINT)
Place of publication, distribution, etc Liguori Mo. ;
260 ## - PUBLICATION, DISTRIBUTION, ETC. (IMPRINT)
Name of publisher, distributor, etc Liguori Publications,
260 ## - PUBLICATION, DISTRIBUTION, ETC. (IMPRINT)
Date of publication, distribution, etc c2012.
300 ## - PHYSICAL DESCRIPTION
Extent 137 pages ;
300 ## - PHYSICAL DESCRIPTION
Dimensions 21 cm.
500 ## - GENERAL NOTE
General note Original manuscript published in 1985 / rev. and edited by Mary M. McGlone.
650 ## - SUBJECT ADDED ENTRY--TOPICAL TERM
Topical term or geographic name as entry element Catholic Church
650 ## - SUBJECT ADDED ENTRY--TOPICAL TERM
General subdivision Dictionaries.
Holdings
Withdrawn status Lost status Damaged status Home library Current library Shelving location Date acquired Total Checkouts Full call number Barcode Date last seen Price effective from Koha item type
      Stonyhurst Southville International School (Batangas) Stonyhurst Southville International School (Batangas)   02/03/2017   282.03 .L917a 2012 US-2065 02/03/2017 02/03/2017 Books

A to Z A basic Catholic Dictionary /

APA

McGlone M. M., .A to Z A basic Catholic Dictionary. Liguori Mo: .

Chicago

McGlone Mary M, .A to Z A basic Catholic Dictionary. Liguori Mo: .

Harvard

McGlone M. M., .A to Z A basic Catholic Dictionary. Liguori Mo: .

MLA

McGlone Mary M, .Liguori Mo: . .

  • Place hold
  • Print
  • Cite
  • Add to your cart (remove)
  • Save record
    BIBTEX Dublin Core MARCXML MARC (non-Unicode/MARC-8) MARC (Unicode/UTF-8) MARC (Unicode/UTF-8, Standard) MODS (XML) RIS
  • More searches
    Search for this title in:
    Other Libraries (WorldCat) Other Databases (Google Scholar) Online Stores (Bookfinder.com) Open Library (openlibrary.org)

Exporting to Dublin Core...

SOUTHVILLE LIBRARY

Southville International School and Colleges Library

1281 Tropical Ave. Cor. Luxembourg St., BF Homes International, Las Pinas City

Tel. No. 8256374 / 252358 Loc. 117/146

Powered by Koha